[Event "Mondiale Lampo FIDE 2022"]
[Site "Alma Ata"]
[Date "29.12.2022"]
[Round "1.48"]
[White "Predke, Alexandr"]
[Black "Utegaliyev, Azamat"]
[Result "1/2-1/2"]
[WhiteTitle ""]
[WhiteElo "2684"]
[BlackElo "2445"]
[WhiteFideId "24107581"]
[BlackFideId "13702467"]
[EventDate "29.12.2022"]

1. Nf3 Nf6 2. c4 g6 3. Nc3 Bg7 4. e4 d6 5. d4 Bg4 6. Be2 O-O 7. Be3 Nc6 8. d5
Bxf3 9. Bxf3 Ne5 10. Be2 c6 11. h3 Rc8 12. Qb3 Qc7 13. O-O Ned7 14. Rac1 a6 15.
Rfe1 Rfe8 16. Bf1 e6 17. Qd1 exd5 18. exd5 Rxe3 19. Rxe3 Bh6 20. dxc6 bxc6 21.
Re1 Bxc1 22. Qxc1 a5 23. Qf4 d5 24. Qxc7 Rxc7 25. Rd1 Nb6 26. cxd5 cxd5 27. Rd4
Kf8 28. g4 h6 29. Bg2 Rc5 30. Kf1 Ke7 31. Ke2 Ke6 32. Kd3 Nfd7 33. f4 Nb8 34. b4
axb4 35. Rxb4 N8d7 36. a4 Ra5 37. Kd4 Kd6 38. Rb5 Rxb5 39. Nxb5+ Kc6 40. Nc3 Nc5
41. Nxd5 Nbxa4 42. Nc3+ Kd6 43. Nb5+ Ke7 44. Bd5 Ne6+ 45. Bxe6 Kxe6 46. Na3 Nb6
47. Nc2 Nd5 48. Ke4 f5+ 49. gxf5+ gxf5+ 50. Kf3 Kf6 51. Nd4 1/2-1/2

[Event "Mondiale Lampo FIDE 2022"]
[Site "Alma Ata"]
[Date "29.12.2022"]
[Round "1.49"]
[White "Gharibyan, Mamikon"]
[Black "Ivic, Velimir"]
[Result "0-1"]
[WhiteTitle ""]
[BlackTitle ""]
[WhiteElo "2480"]
[BlackElo "2572"]
[WhiteFideId "13308300"]
[BlackFideId "950122"]
[EventDate "29.12.2022"]

1. d4 Nf6 2. c4 g6 3. Nc3 Bg7 4. e4 d6 5. Nf3 O-O 6. Be2 Na6 7. O-O e5 8. Re1
Bg4 9. d5 Nc5 10. h3 Bd7 11. Qc2 a5 12. Be3 Nh5 13. Bf1 h6 14. b3 b6 15. a3 a4
16. b4 Nb3 17. Rad1 f5 18. exf5 gxf5 19. Bd3 e4 20. Nxe4 fxe4 21. Bxe4 Qf6 22.
g3 Bf5 23. Nh4 Bxe4 24. Qxe4 Rae8 25. Qg4 Rxe3 26. Rxe3 Qxf2+ 27. Kh1 Qxe3 28.
Qxh5 Qe4+ 29. Ng2 Rf2 30. Rg1 Nd4 0-1

[Event "Mondiale Lampo FIDE 2022"]
[Site "Alma Ata"]
[Date "29.12.2022"]
[Round "1.50"]
[White "Adhiban, Baskaran"]
[Black "Uskov, Artem"]
[Result "1-0"]
[WhiteTitle ""]
[BlackTitle ""]
[WhiteElo "2611"]
[BlackElo "2376"]
[WhiteFideId "5018471"]
[BlackFideId "34254854"]
[EventDate "29.12.2022"]

1. b3 e5 2. Bb2 Nc6 3. c4 Nf6 4. Nf3 e4 5. Nd4 Bc5 6. Nf5 g6 7. Ng3 O-O 8. e3
Re8 9. Bxf6 Qxf6 10. Nc3 Qg7 11. Ngxe4 Bb4 12. a3 Bf8 13. c5 d5 14. cxd6 cxd6
15. Bc4 Ne5 16. O-O Nxc4 17. bxc4 Be6 18. Qb3 Rac8 19. d3 b6 20. a4 Be7 21. a5
f5 22. Nd2 Bf6 23. Rfc1 b5 24. Rab1 bxc4 25. dxc4 Rc5 26. Nb5 Qd7 27. h3 a6 28.
Nd4 Rxa5 29. Nxe6 Qxe6 30. Qd3 Rc8 31. Rb6 Be7 32. Nf3 Ra4 33. Nd4 Qf7 34. Nc6
Qe8 35. Qd5+ Kf8 36. Rcb1 Ra2 37. Rb8 Qxc6 1-0

[Event "Mondiale Lampo FIDE 2022"]
[Site "Alma Ata"]
[Date "29.12.2022"]
[Round "1.51"]
[White "Gadimbayli, Abdulla"]
[Black "Sjugirov, Sanan"]
[Result "1/2-1/2"]
[WhiteTitle ""]
[BlackTitle ""]
[WhiteElo "2524"]
[BlackElo "2712"]
[WhiteFideId "13404938"]
[BlackFideId "4189302"]
[EventDate "29.12.2022"]

1. e4 e5 2. Nf3 Nc6 3. Nc3 Nf6 4. d4 Bb4 5. Nxe5 Bxc3+ 6. bxc3 Qe7 7. Nxc6 Qxe4+
8. Qe2 dxc6 9. Qxe4+ Nxe4 10. Bb2 Be6 11. Bd3 Nd6 12. Ba3 Nc4 13. Bxc4 Bxc4 14.
Kd2 Kd7 15. Rhe1 Rhe8 16. Re3 Re6 17. Bb2 Rae8 18. a3 Rxe3 19. fxe3 f5 20. Re1
Kd6 21. g3 Kd5 22. Rg1 Re4 23. Rg2 Ke6 24. Rf2 g5 25. Bc1 h5 26. Rg2 Kf6 27. Ke1
h4 28. Kf2 a5 29. Bd2 b6 30. Bc1 Bd5 31. gxh4 gxh4 32. Rg1 Re8 33. e4 Bxe4 34.
Bf4 Rc8 35. Be5+ Ke6 36. c4 f4 37. Bxf4 Bxc2 38. Re1+ Kf5 39. Kf3 Bb3 40. Re5+
Kf6 41. Bg5+ Kg6 42. Bxh4 Bxc4 43. Bg3 Bd5+ 44. Kg4 b5 45. Re7 b4 46. axb4 axb4
47. Be5 Rg8 48. h4 Kh6+ 49. Kf5 Rf8+ 50. Kg4 Bf3+ 51. Kg3 Kg6 52. Rg7+ Kh6 53.
Re7 Kg6 54. Rg7+ Kh6 55. Rxc7 Kg6 56. Rg7+ Kh6 57. Rb7 Kg6 58. Rxb4 Bd5 59. Rb7
Kf5 60. Rb2 Rg8+ 61. Kh3 Bf3 62. Rf2 Ke4 63. Rc2 Kf5 64. Rf2 Ke4 65. Rc2 Kf5 1/2-1/2

[Event "Mondiale Lampo FIDE 2022"]
[Site "Alma Ata"]
[Date "29.12.2022"]
[Round "1.52"]
[White "Shankland, Sam"]
[Black "Aleksandrov, Aleksej"]
[Result "1-0"]
[WhiteTitle ""]
[BlackTitle ""]
[WhiteElo "2710"]
[BlackElo "2495"]
[WhiteFideId "2004887"]
[BlackFideId "13500139"]
[EventDate "29.12.2022"]

1. c4 e6 2. g3 d5 3. Bg2 Nf6 4. Nf3 dxc4 5. Qa4+ Nbd7 6. Qxc4 c5 7. d3 Bd6 8.
O-O Rb8 9. a4 b6 10. Na3 a6 11. Qc2 Bb7 12. Nc4 Bc7 13. e4 O-O 14. Bd2 b5 15.
axb5 axb5 16. Na5 Ba8 17. Rfe1 b4 18. Nc4 Nb6 19. Ne3 Nfd7 20. Ra7 Bc6 21. Rea1
Ra8 22. Bxb4 Rxa7 23. Rxa7 Ba4 24. b3 Bb5 25. Be1 Qb8 26. Ra1 Ne5 27. Nxe5 Bxe5
28. Bc3 Rd8 29. Bf1 h6 30. Ra5 Bxc3 31. Qxc3 Nd7 32. b4 cxb4 33. Qxb4 Bc6 34.
Qxb8 Rxb8 35. Ra2 Rb1 36. Kg2 Ne5 37. Be2 g5 38. f3 Rc1 39. d4 Ng6 40. Rc2 Rxc2
41. Nxc2 f5 42. d5 Bd7 43. dxe6 Bxe6 44. Nd4 Bc8 45. exf5 Ne7 46. f6 Ng6 47.
Bc4+ Kf8 48. Kf2 Ne5 49. Bd5 Ba6 50. Nf5 h5 51. h4 gxh4 52. Nxh4 Nd7 53. Ng6+ 1-0

[Event "Mondiale Lampo FIDE 2022"]
[Site "Alma Ata"]
[Date "29.12.2022"]
[Round "1.53"]
[White "Agmanov, Zhandos"]
[Black "Idani, Pouya"]
[Result "1-0"]
[WhiteTitle ""]
[BlackTitle ""]
[WhiteElo "2442"]
[BlackElo "2637"]
[WhiteFideId "13708309"]
[BlackFideId "12510130"]
[EventDate "29.12.2022"]

1. d4 Nf6 2. c4 e6 3. Nf3 Bb4+ 4. Bd2 a5 5. e3 O-O 6. Bd3 b6 7. O-O Bb7 8. Nc3
d6 9. Qc2 Nbd7 10. a3 Bxc3 11. Bxc3 c5 12. b4 cxd4 13. Nxd4 Ne5 14. Nb5 Nxd3 15.
Qxd3 Ne4 16. f3 Nxc3 17. Nxc3 d5 18. cxd5 exd5 19. Rfd1 Qe7 20. Qd4 Rac8 21. Ne2
axb4 22. axb4 Rc4 23. Qxb6 Rxb4 24. Qa7 Rb2 25. Nf4 Qe5 26. Nd3 Rxg2+ 27. Kxg2
Qg5+ 28. Kh1 Qf5 29. Kg2 Bc8 30. Nf2 Be6 31. Qd4 h6 32. Qf4 Qg6+ 33. Qg3 Qc2 34.
Rac1 Qb2 35. Kg1 Qe2 36. Re1 Qd2 37. Rcd1 Qb2 38. Nd3 Qc3 39. Nf4 Re8 40. Rc1
Qd2 41. Nh5 Qb2 42. Rb1 Qc3 43. Rbc1 Qb2 44. Rcd1 g6 45. Nf4 Kg7 46. Qf2 Qe5 47.
Rb1 d4 48. Ng2 d3 49. Qb2 Qxb2 50. Rxb2 g5 51. Rd1 Rd8 52. Ne1 Bf5 53. e4 Bg6
54. Rxd3 1-0

[Event "Mondiale Lampo FIDE 2022"]
[Site "Alma Ata"]
[Date "29.12.2022"]
[Round "1.54"]
[White "Muradli, Mahammad"]
[Black "Haldorsen, Benjamin"]
[Result "1-0"]
[WhiteTitle ""]
[BlackTitle ""]
[WhiteElo "2540"]
[BlackElo "2449"]
[WhiteFideId "13409301"]
[BlackFideId "1512633"]
[EventDate "29.12.2022"]

1. Nf3 g6 2. d4 Bg7 3. c4 d6 4. Nc3 Nc6 5. d5 Ne5 6. Nxe5 Bxe5 7. e4 c6 8. Bd3
cxd5 9. exd5 Nf6 10. O-O O-O 11. Re1 Nd7 12. Bh6 Re8 13. Qd2 Nc5 14. Bf1 a5 15.
Re3 Bf6 16. Rae1 a4 17. Ne4 Nxe4 18. Rxe4 Bf5 19. R4e2 Qa5 20. Qf4 Qc5 21. g4
Bd7 22. Rxe7 Qd4 23. R1e4 Qxe4 24. Rxe4 Rxe4 25. Qxf6 1-0

[Event "Mondiale Lampo FIDE 2022"]
[Site "Alma Ata"]
[Date "29.12.2022"]
[Round "1.55"]
[White "Isanzhulov, Arystan"]
[Black "Moussard, Jules"]
[Result "1/2-1/2"]
[WhiteTitle ""]
[BlackTitle ""]
[WhiteElo "2313"]
[BlackElo "2684"]
[WhiteFideId "13711644"]
[BlackFideId "642908"]
[EventDate "29.12.2022"]

1. e4 c6 2. d4 d5 3. e5 Bf5 4. h4 h5 5. Bd3 Bxd3 6. Qxd3 Qa5+ 7. Nd2 e6 8. Nf3
Nh6 9. O-O Nf5 10. Nb3 Qa6 11. Qd1 Be7 12. g3 b6 13. a4 c5 14. c3 Nc6 15. Kg2 c4
16. Nbd2 b5 17. b4 Qb7 18. a5 a6 19. Re1 O-O-O 20. Nf1 Qd7 21. Bf4 Kb7 22. Qd2
Rdg8 23. Ne3 Nh6 24. Qe2 f6 25. exf6 gxf6 26. Nc2 Nd8 27. Rh1 Nf5 28. Rae1 Bd6
29. Bxd6 Qxd6 30. Rh3 Rg6 31. Ne3 Ne7 32. Kh1 Ndc6 33. Nc2 e5 34. Rh2 e4 35. Ng1
f5 36. Nh3 Rg4 37. Ne3 Nd8 38. Nxg4 fxg4 39. Ng5 Rf8 40. Rg2 Rf3 41. Qd2 Rd3 42.
Qc1 Nf5 43. Kg1 Nc6 44. Nf7 Qc7 45. Ng5 Ncxd4 46. cxd4 Nxd4 47. Kh1 c3 48. Re3
c2 49. Rg1 Nb3 50. Qb2 c1=Q 51. Rxc1 Qxc1+ 52. Qxc1 Nxc1 53. Re1 Na2 54. Ne6 Kc6
55. Nc5 Rd2 56. Nxa6 Rxf2 57. Kg1 Rb2 58. Rf1 e3 59. Rf6+ Kd7 60. Nc5+ Kd8 61.
Rd6+ Kc7 62. Rxd5 Rb1+ 63. Kg2 e2 64. Nd3 Nxb4 65. Rc5+ Kd6 66. Rxb5 Rb2 67.
Rb6+ Kc7 68. Ne1 Rb1 69. Kf2 Rb2 70. Kg2 Kd7 71. Kf2 Kc8 72. Kg2 Kc7 73. Kf2 Rb3
74. Kxe2 Rb2+ 75. Kf1 Rb1 76. Ke2 Rb2+ 77. Kf1 Rb1 78. Ke2 Rb2+ 79. Kd1 Rb3 80.
Rb5 Kc6 81. Rb6+ Kc5 82. Rh6 Kd4 83. Rxh5 Rb1+ 84. Kd2 Rb2+ 85. Kc1 Re2 86. Kd1
Ra2 87. Rg5 Ke3 88. Re5+ Kd4 89. Rg5 Ke3 90. Re5+ Kf2 91. Re4 Nd5 92. Nd3+ Kxg3
93. Re5 Nc3+ 94. Kc1 Kxh4 95. Nb4 Ra4 96. Kc2 Na2 97. Nxa2 Rxa2+ 98. Kb3 Ra1 99.
Kb4 g3 100. Re4+ Kh3 101. Re8 g2 102. Kb5 g1=Q 103. Rh8+ Kg4 104. Rg8+ Kf5 105.
Rxg1 Rxg1 106. a6 Ke6 107. a7 Ra1 108. Kb6 Kd7 109. Kb7 Rb1+ 110. Ka8 Ra1 111.
Kb7 Rb1+ 112. Ka8 Ra1 113. Kb7 1/2-1/2

[Event "Mondiale Lampo FIDE 2022"]
[Site "Alma Ata"]
[Date "29.12.2022"]
[Round "1.56"]
[White "Adly, Ahmed"]
[Black "Kazakov, Konstantin"]
[Result "1-0"]
[WhiteTitle ""]
[BlackTitle ""]
[WhiteElo "2596"]
[BlackElo "2385"]
[WhiteFideId "10601619"]
[BlackFideId "13700898"]
[EventDate "29.12.2022"]

1. Nf3 Nf6 2. g3 b6 3. Bg2 Bb7 4. O-O e6 5. d4 Be7 6. c4 O-O 7. d5 exd5 8. Nh4
c6 9. cxd5 Nxd5 10. Nf5 Na6 11. e4 Ndc7 12. e5 Ne6 13. Re1 Rb8 14. Nc3 f6 15.
exf6 Bxf6 16. Qg4 Kh8 17. Nd6 Nac5 18. Rd1 Ba6 19. Be3 Qe7 20. h4 Nd3 21. Nce4
Bxb2 22. Rab1 Be5 23. Nf5 Qf7 24. Ned6 Bxd6 25. Nxd6 Qe7 26. Be4 Nec5 27. Nf5
Rxf5 28. Bxf5 Ne5 29. Qh5 g6 30. Bxc5 Qxc5 31. Bxg6 Qe7 32. Bxh7 Kg7 33. Be4 Rh8
34. Qg5+ Qxg5 35. hxg5 d5 36. Bg2 Be2 37. f4 Bxd1 38. Rxd1 Nc4 39. Re1 Kf7 40.
f5 Rg8 41. g6+ Kf6 42. g4 Ne5 43. Re2 Nxg4 44. Bh3 Ne5 45. Kg2 d4 46. Kg3 d3 47.
Re1 c5 48. Kf4 d2 49. Rd1 Rd8 50. Bf1 Rd4+ 51. Ke3 Kxf5 52. g7 Rd8 53. Rxd2 Rg8
54. Rf2+ Kg6 55. Ke4 Nd7 56. Rg2+ Kf6 57. Bb5 Nb8 58. Kd5 Rxg7 59. Rxg7 Kxg7 60.
Kd6 a6 61. Be2 b5 62. Kc7 Kf6 63. Kxb8 Ke5 64. Kb7 c4 65. Kxa6 c3 66. Bd1 b4 67.
Kb5 Kd4 68. Kxb4 Kd3 69. a4 Kd2 70. Bb3 Kd3 71. a5 1-0

[Event "Mondiale Lampo FIDE 2022"]
[Site "Alma Ata"]
[Date "29.12.2022"]
[Round "1.57"]
[White "Uruci, Endrit"]
[Black "Shimanov, Aleksandr"]
[Result "0-1"]
[WhiteTitle ""]
[BlackTitle ""]
[WhiteElo "2297"]
[BlackElo "2581"]
[WhiteFideId "22100199"]
[BlackFideId "4198603"]
[EventDate "29.12.2022"]

1. e4 c6 2. d4 d5 3. Nc3 dxe4 4. Nxe4 Nf6 5. Nxf6+ exf6 6. c3 Bd6 7. Bd3 Na6 8.
Qe2+ Be7 9. Bf4 Nc7 10. Nf3 Be6 11. O-O O-O 12. h3 Nd5 13. Bg3 b5 14. Rfe1 Re8
15. a4 a6 16. Nd2 Bf8 17. Qf3 Qd7 18. Ne4 Rad8 19. axb5 axb5 20. Ra6 Ra8 21.
Rea1 Qb7 22. Rxa8 Rxa8 23. Qd1 Rd8 24. Qf3 Nb6 25. h4 Na4 26. Qe2 Qd7 27. Qc2 h6
28. b3 Nb6 29. b4 f5 30. Nc5 Bxc5 31. bxc5 Nd5 32. Bd6 Rc8 33. Qd2 Qd8 34. g3
Ra8 35. Qb2 Qc8 36. c4 bxc4 37. Bxc4 Rxa1+ 38. Qxa1 Nf6 39. Ba6 Qa8 40. Qa4 Bd5
41. Bb5 Qb7 42. Bf1 Ne4 43. Qa6 Qd7 44. Qa8+ Kh7 45. Qb8 Nd2 46. Be2 Qe6 47. Be5
f6 48. f4 fxe5 49. dxe5 Ne4 50. Kh2 Nxc5 51. Qb4 Nd7 52. h5 c5 53. Qa4 c4 54.
Qb4 Qc6 55. Qc3 Be6 56. Bf3 Qc5 57. Kg2 Nb6 58. Qc2 Qd4 59. Kh3 c3 60. Bg4 Qd7
61. Bf3 Nd5 62. g4 Ne3 63. Qxc3 Nxg4 64. Kg3 Qa7 65. Qe1 Qa3 66. Kg2 Ne3+ 67.
Kg3 Nc2 68. Qd2 Qb3 69. Kg2 Qc4 70. Be2 Qc5 71. Bd3 Nd4 72. Qe3 Qd5+ 73. Kg3 Nc6
74. Qd2 Ne7 75. Qd1 Qd7 76. Qd2 Qe8 77. Qe2 Qf7 78. Bc2 Nc6 79. Qe3 Qxh5 80. Ba4
Qg4+ 81. Kf2 Bd5 82. Qd3 Qxf4+ 83. Kg1 Qd4+ 0-1

[Event "Mondiale Lampo FIDE 2022"]
[Site "Alma Ata"]
[Date "29.12.2022"]
[Round "1.58"]
[White "Sargsyan, Shant"]
[Black "Bilguun, Sumiya"]
[Result "0-1"]
[WhiteTitle ""]
[BlackTitle ""]
[WhiteElo "2645"]
[BlackElo "2474"]
[WhiteFideId "13306766"]
[BlackFideId "4901541"]
[EventDate "29.12.2022"]

1. d4 d5 2. c4 e6 3. Nf3 c6 4. Nbd2 f5 5. g3 Nf6 6. Bg2 Bd6 7. Ne5 O-O 8. O-O
Nbd7 9. Ndf3 Ne4 10. Qc2 Nxe5 11. Nxe5 Bd7 12. Nd3 Rc8 13. Bf4 Bxf4 14. Nxf4 Qf6
15. e3 Nd6 16. b3 b5 17. cxd5 cxd5 18. Qd2 Qd8 19. Nd3 Ne4 20. Qb2 Qe7 21. b4
Rc4 22. Nc5 Nxc5 23. bxc5 b4 24. a3 Rb8 25. axb4 Rbxb4 26. Qd2 Bc6 27. Rfb1 a5
28. Bf1 Qb7 29. Rxb4 axb4 30. Rb1 b3 31. Qa5 Rb4 32. Qd8+ Kf7 33. Be2 Kg6 34. h4
h6 35. g4 Bb5 36. gxf5+ exf5 37. Bf3 Bd3 38. h5+ Kh7 39. Bxd5 Qxd5 40. Qxd5 Bxb1
41. c6 b2 42. Qc5 Rb3 43. c7 Be4 44. c8=Q b1=Q+ 45. Kh2 Qh1+ 46. Kg3 Qf3+ 0-1

[Event "Mondiale Lampo FIDE 2022"]
[Site "Alma Ata"]
[Date "29.12.2022"]
[Round "1.60"]
[White "Yudin, Sergei"]
[Black "Suleymenov, Alisher"]
[Result "1-0"]
[WhiteTitle ""]
[BlackTitle ""]
[WhiteElo "2469"]
[BlackElo "2476"]
[WhiteFideId "4159659"]
[BlackFideId "13707833"]
[EventDate "29.12.2022"]

1. e4 c5 2. Nf3 d6 3. Bb5+ Nd7 4. O-O a6 5. Bd3 Ngf6 6. Re1 e6 7. c3 b5 8. Bc2
c4 9. a4 Bb7 10. axb5 axb5 11. Rxa8 Qxa8 12. Na3 Bxe4 13. Bxe4 Nxe4 14. Nxb5 Qb7
15. Nfd4 Be7 16. d3 cxd3 17. Qxd3 d5 18. f3 Nef6 19. Kh1 O-O 20. b4 Rc8 21. Nf5
exf5 22. Rxe7 Kf8 23. Nd6 Qc6 24. Nxc8 Qxc8 25. Re1 Nb6 26. Be3 Nc4 27. Bd4 Qc6
28. Bxf6 Qxf6 29. Qxd5 1-0

[Event "Mondiale Lampo FIDE 2022"]
[Site "Alma Ata"]
[Date "29.12.2022"]
[Round "1.61"]
[White "Gurel, Ediz"]
[Black "Vokhidov, Shamsiddin"]
[Result "1/2-1/2"]
[WhiteTitle ""]
[BlackTitle ""]
[WhiteElo "2454"]
[BlackElo "2579"]
[WhiteFideId "44507356"]
[BlackFideId "14204223"]
[EventDate "29.12.2022"]

1. e4 e5 2. Nf3 Nc6 3. Bb5 Nge7 4. O-O Ng6 5. c3 a6 6. Ba4 d5 7. d3 Be7 8. exd5
Qxd5 9. Bb3 Qd8 10. Qe2 O-O 11. Be3 Bf5 12. Rd1 Qd7 13. Na3 Rad8 14. Bc2 Rfe8
15. h3 h6 16. Rd2 Bxa3 17. bxa3 Qd5 18. Rb1 b6 19. Bb3 Qa5 20. Re1 Qxa3 21. d4
exd4 22. Nxd4 Nxd4 23. cxd4 Be4 24. Qc4 Qe7 25. Qc3 Nh4 26. f3 Bxf3 27. Bf2 Qg5
28. Rxe8+ Rxe8 29. Bxh4 Qxh4 30. Qxf3 Qe1+ 31. Kh2 Qxd2 32. Qxf7+ Kh7 33. Qxe8
Qf4+ 34. Kg1 Qxd4+ 35. Kf1 Qa1+ 36. Qe1 Qf6+ 37. Kg1 b5 38. Qe4+ g6 39. Qd5 Qg7
40. Kh2 h5 41. Bc2 Kh6 42. Qd2+ Kh7 43. Qg5 Qh6 44. Qe7+ Qg7 45. Qg5 Qh6 46.
Qxh6+ Kxh6 47. Kg3 Kg5 48. Kf3 h4 49. Ke4 c5 50. Kd5 c4 51. a4 Kf4 52. axb5 axb5
53. Kc5 Kg3 54. Be4 c3 55. Kxb5 c2 56. Bxc2 Kxg2 57. Bxg6 Kxh3 58. Bf5+ Kg3 59.
Kc4 h3 60. Bxh3 1/2-1/2

[Event "Mondiale Lampo FIDE 2022"]
[Site "Alma Ata"]
[Date "29.12.2022"]
[Round "1.62"]
[White "Ghaem Maghami, Ehsan"]
[Black "Madaminov, Mukhiddin"]
[Result "1/2-1/2"]
[WhiteTitle ""]
[BlackTitle ""]
[WhiteElo "2490"]
[BlackElo "2438"]
[WhiteFideId "12500739"]
[BlackFideId "14210703"]
[EventDate "29.12.2022"]

1. c4 g6 2. d4 Nf6 3. g3 Bg7 4. Bg2 O-O 5. Nc3 c5 6. e3 Nc6 7. Nge2 d6 8. O-O
Rb8 9. h3 a6 10. b3 Bd7 11. a4 Nb4 12. Bb2 Qa5 13. Qd2 h5 14. Rfd1 Qc7 15. Nf4
Bc6 16. Ncd5 Bxd5 17. cxd5 b6 18. Rac1 Qd7 19. e4 Bh6 20. Qe1 h4 21. e5 Bxf4 22.
gxf4 Nfxd5 23. dxc5 dxc5 24. f5 Qxf5 25. Bxd5 Nd3 26. Qe2 Nxc1 27. Rxc1 Rbd8 28.
Bg2 e6 29. Rc4 Qd3 30. Qxd3 Rxd3 31. Bc3 Rfd8 32. a5 bxa5 33. Rxc5 Rd1+ 34. Kh2
Rb1 35. Bxa5 Rd4 36. Rc8+ Kg7 37. Bd8 Rf4 38. Bf6+ Rxf6 39. exf6+ Kxf6 40. Rc3
Ke5 41. Rd3 g5 42. Bc6 f5 43. Bb7 a5 44. Re3+ Kf4 45. Bc8 e5 46. Kg2 e4 47. Rc3
Rb2 48. Rc5 e3 49. Rxf5+ Ke4 50. Rf8 exf2 51. Be6 Ke3 52. Bc4 Rc2 53. Rf3+ Kd4
54. Bg8 Rc8 55. Bf7 Rc7 56. Rxf2 Ke3 57. Rf3+ Ke4 58. Bc4 Kd4 59. Rd3+ Ke4 60.
Rd1 Ke3 61. Rd5 a4 62. Rxg5 axb3 63. Bxb3 Rb7 64. Rf5 Ke4 65. Rf3 Rg7+ 66. Kf2
Rg3 67. Bc2+ Ke5 68. Rf5+ Kd6 69. Rf4 Rxh3 70. Bd1 Rd3 71. Be2 Rh3 72. Bf3 Ke5
73. Rf8 Rh2+ 74. Kg1 Rb2 75. Bg2 Rb3 76. Kh2 Rg3 77. Rh8 Rg4 78. Bf3 Rf4 79. Kg2
Rd4 80. Rh5+ Kf6 81. Ra5 Rf4 82. Rb5 Kg6 83. Bd1 Kf6 84. Kh3 Ke6 85. Bg4+ Kd6
86. Rg5 Rf6 87. Bf5 Ke5 88. Kg4 h3 89. Bg6+ Kd4 90. Kxh3 Ke3 91. Bh5 Kf4 92. Ra5
Rf5 93. Ra4+ Kg5 94. Bg4 Re5 95. Kg3 Re3+ 96. Bf3 Re5 97. Rh4 Rf5 98. Rh8 Re5
99. Ra8 Rf5 100. Ra7 Re5 101. Ra6 Rf5 102. Be4 Rf6 103. Ra5+ Kh6 104. Kg4 Kg7
105. Kg5 Rf7 106. Bf5 Re7 107. Ra6 Kf7 108. Rh6 Ke8 109. Be6 Kd8 110. Kf6 Ra7
111. Rh3 Kc7 112. Rc3+ Kd6 113. Rd3+ Kc5 114. Ke5 Rh7 115. Rc3+ Kb4 116. Rc1 Rh4
117. Bd5 Rg4 118. Be4 Rh4 119. Kd4 Ka4 120. Kd5 Ka3 121. Rb1 Rg4 122. Kd4 Ka4
123. Rb8 Rh4 124. Kd3 Ka5 125. Kd4 Ka4 126. Rb7 Rg4 127. Kd5 Ka3 128. Bd3 Rb4
129. Ra7+ Kb3 130. Kc5 Rh4 131. Rf7 Kc3 132. Rf3 Kd2 133. Kd5 Ra4 134. Bc4 Ra8
135. Kd4 Rd8+ 136. Bd5 Rd7 137. Ra3 Rd8 138. Ra2+ Kd1 139. Kc4 Ke1 140. Ra5 Kf2
141. Kd4 Re8 142. Ra3 Re7 143. Rf3+ Ke2 144. Rf6 Rd7 145. Rf5 Rd8 146. Rf7 Rd6
147. Ke4 Rd8 148. Rh7 Kd2 149. Kd4 Rd6 150. Rh2+ Kd1 151. Ra2 Rd8 152. Ke4 Kc1
153. Bc4 Rd2 154. Ra8 Kc2 155. Ke3 Rd7 156. Rc8 Kb2 157. Bd3 Kb3 158. Kd2 Kb4
159. Rc4+ Ka5 160. Rc6 Kb4 161. Kc2 Rd4 162. Rc7 Rd5 163. Rc4+ Ka5 164. Kc3 Kb6
165. Rg4 Kc5 166. Ra4 Re5 167. Ra6 Rd5 168. Bc4 Re5 169. Ra8 Re3+ 170. Bd3 Re5
171. Rc8+ Kd5 172. Bc4+ Ke4 173. Rf8 Ke3 174. Rf1 Re4 175. Bd3 Re5 1/2-1/2

[Event "Mondiale Lampo FIDE 2022"]
[Site "Alma Ata"]
[Date "29.12.2022"]
[Round "1.63"]
[White "Zverev, Lev"]
[Black "Riazantsev, Alexander"]
[Result "0-1"]
[WhiteTitle ""]
[BlackTitle ""]
[WhiteElo "2310"]
[BlackElo "2626"]
[WhiteFideId "24250775"]
[BlackFideId "4125029"]
[EventDate "29.12.2022"]

1. e4 e5 2. Nf3 Nc6 3. Bc4 Nf6 4. d3 Be7 5. O-O O-O 6. h3 d6 7. c3 Be6 8. Bb3 h6
9. Nbd2 Re8 10. Bc2 Bf8 11. Re1 d5 12. exd5 Bxd5 13. Nf1 e4 14. dxe4 Bxe4 15.
Bxe4 Qxd1 16. Rxd1 Nxe4 17. Be3 a5 18. N1d2 Nc5 19. Nb3 Ne6 20. Nbd4 Nexd4 21.
Nxd4 Ne5 22. Nb5 Rac8 23. b3 c6 24. Nd6 Bxd6 25. Rxd6 a4 26. Rd4 axb3 27. axb3
Ra8 28. Rxa8 Rxa8 29. f4 Ng6 30. Rd7 Re8 31. Kf2 b5 32. Rc7 Ne7 33. c4 bxc4 34.
bxc4 Nf5 35. Bc5 Re4 36. g3 Rxc4 37. Rxc6 Rc2+ 38. Kg1 Nxg3 39. Rc8+ Kh7 40. Rc7
Ne2+ 41. Kf1 Nxf4 42. Rxf7 Rc1+ 43. Kf2 Nd3+ 44. Kg3 Rxc5 45. h4 Rd5 46. Ra7 Nc5
47. Kg4 Rd4+ 48. Kh5 Rd5+ 49. Kg4 Ne4 50. Ra4 Nf6+ 51. Kg3 Kg6 52. Ra1 Rd3+ 53.
Kf4 Rd4+ 54. Kg3 Kf5 55. Ra5+ Rd5 56. Ra7 Rd3+ 57. Kg2 g6 58. Ra4 Rd5 59. Kg3
Re5 60. Kf2 Re4 61. Ra5+ Kg4 62. Ra6 Rf4+ 63. Ke3 Rf3+ 64. Ke2 Rf5 65. Ra4+ Rf4
66. Ra1 Kxh4 67. Ke3 Rf5 68. Rh1+ Kg5 0-1

[Event "Mondiale Lampo FIDE 2022"]
[Site "Alma Ata"]
[Date "29.12.2022"]
[Round "1.64"]
[White "Tsydypov, Zhamsaran"]
[Black "Tsaruk, Maksim"]
[Result "1-0"]
[WhiteTitle ""]
[BlackTitle ""]
[WhiteElo "2534"]
[BlackElo "2373"]
[WhiteFideId "4108566"]
[BlackFideId "13511173"]
[EventDate "29.12.2022"]

1. e4 e5 2. Nf3 Nc6 3. Bc4 Bc5 4. d3 Nf6 5. Nbd2 O-O 6. c3 a6 7. h3 h6 8. Bb3 d5
9. Qe2 Be6 10. Nf1 Na5 11. Bc2 dxe4 12. dxe4 Bc4 13. Qd2 Qe7 14. Qd1 Rad8 15.
N3d2 Bxf1 16. Kxf1 Nc4 17. Qe2 Nxd2+ 18. Bxd2 Rd7 19. Be1 Rfd8 20. g3 Qe6 21.
Kg2 Qc6 22. Rf1 Bb6 23. a4 g6 24. a5 Ba7 25. Ba4 Qxe4+ 26. Qxe4 Nxe4 27. Bxd7
Rxd7 28. Kf3 Ng5+ 29. Ke2 Nxh3 30. Rh1 Ng5 31. Rxh6 Kg7 32. Rh4 Rd5 33. b4 e4
34. Rd1 Rf5 35. c4 Rf3 36. Rxe4 Rb3 37. Re7 Rb2+ 38. Kf1 Nf3 39. Bc3+ 1-0

[Event "Mondiale Lampo FIDE 2022"]
[Site "Alma Ata"]
[Date "29.12.2022"]
[Round "1.65"]
[White "Vetokhin, Savva"]
[Black "Lintchevski, Daniil"]
[Result "0-1"]
[WhiteTitle ""]
[BlackTitle ""]
[WhiteElo "2354"]
[BlackElo "2548"]
[WhiteFideId "44144474"]
[BlackFideId "4171055"]
[EventDate "29.12.2022"]

1. Nf3 d5 2. g3 c5 3. Bg2 Nc6 4. d4 e6 5. O-O Nf6 6. c4 dxc4 7. dxc5 Qxd1 8.
Rxd1 Bxc5 9. Nbd2 c3 10. Nb3 Be7 11. bxc3 O-O 12. c4 Bd7 13. Bb2 Rfc8 14. Bxf6
Bxf6 15. Rxd7 Bxa1 16. Nxa1 Rd8 17. Rd2 Ne5 18. Rxd8+ Rxd8 19. Nxe5 Rd1+ 20. Bf1
Rxa1 21. e3 Rxa2 22. Nd7 a5 23. Nc5 a4 24. Nxb7 a3 25. c5 Rc2 26. Na5 Rxc5 27.
Nb3 Rc3 28. Na1 0-1

[Event "Mondiale Lampo FIDE 2022"]
[Site "Alma Ata"]
[Date "29.12.2022"]
[Round "1.66"]
[White "Quparadze, Giga"]
[Black "Korelskiy, Egor"]
[Result "1-0"]
[WhiteTitle ""]
[BlackTitle ""]
[WhiteElo "2470"]
[BlackElo "2153"]
[WhiteFideId "13602250"]
[BlackFideId "34329064"]
[EventDate "29.12.2022"]

1. e4 c5 2. Nf3 e6 3. d4 cxd4 4. Nxd4 a6 5. Nc3 Qc7 6. Be2 b5 7. Bf3 Bb7 8. O-O
Nc6 9. Nxc6 dxc6 10. a4 b4 11. Nb1 e5 12. Nd2 a5 13. Nc4 Ba6 14. Qe2 Nf6 15. b3
Be7 16. Bb2 Bxc4 17. Qxc4 O-O 18. Rad1 Rfd8 19. Rd3 Rxd3 20. cxd3 c5 21. d4 exd4
22. e5 Rd8 23. exf6 Bxf6 24. Be4 Qf4 25. Bd3 Qc7 26. Rc1 Rc8 27. g3 g6 28. Re1
Kg7 29. Bc1 h5 30. Qd5 h4 31. Bf4 Qa7 32. Be5 Qb6 33. Bc4 Rf8 34. Bd6 Rd8 35.
Qxf7+ Kh6 36. Qxf6 Qxd6 37. Qxh4+ Kg7 38. Re7+ 1-0